[Event "Oberliga Ost-B 1516"]
[Site "Germany"]
[Date "2015.10.11"]
[Round "3.8"]
[White "Bergmann, Harald"]
[Black "Khoshnevis Zadeh, Mehrang"]
[Result "0-1"]
[WhiteElo "1815"]
[BlackElo "2060"]
[PlyCount "52"]
[EventDate "2015.09.20"]
[EventType "team-tourn"]
[EventRounds "11"]
[EventCountry "GER"]
[SourceTitle "EXT 2017"]
[Source "ChessBase"]
[SourceDate "2016.10.25"]
[SourceVersion "1"]
[SourceVersionDate "2016.10.25"]
[SourceQuality "1"]
[WhiteTeam "Erfurt Empor"]
[BlackTeam "Marburg"]
[WhiteTeamCountry "GER"]
[BlackTeamCountry "GER"]

1. e4 c5 2. Nf3 e6 3. d4 cxd4 4. Nxd4 a6 5. Bd3 Qc7 6. 0-0 Nf6 7. Nd2 b6 8. Re1 Bb7 9. Nf1 Nc6 10. Nxc6 Bxc6 11. c3 d5 12. exd5 Nxd5 13. Bc4 Be7 14. Bg5 Nf4 15. Bxf4 Qxf4 16. Bxe6 fxe6 17. Rxe6 Bd7 18. Re3 Ra7 19. Qd5 Qf7 20. Qd6 0-0 21. Qg3 Bd6 22. Qh4 Bc6 23. Nd2 Bc5 24. Re2 Re7 25. Rae1 Bxf2+ 26. Qxf2 Qxf2+ 0-1

[Event "GER Seniors Derby 13th"]
[Site "Wesel Undeloh"]
[Date "2014.05.10"]
[Round "7"]
[White "Bergmann, Harald"]
[Black "Wulf, Birgit"]
[Result "1-0"]
[WhiteElo "1591"]
[BlackElo "1303"]
[PlyCount "43"]
[EventDate "2014.05.07"]
[EventType "swiss"]
[EventRounds "9"]
[EventCountry "GER"]
[SourceTitle "EXT 2018"]
[Source "ChessBase"]
[SourceDate "2017.10.13"]
[SourceVersion "1"]
[SourceVersionDate "2017.10.13"]
[SourceQuality "1"]

1. e4 c5 2. Nf3 Nc6 3. Nc3 Nf6 4. b3 d5 5. exd5 Nxd5 6. Nxd5 Qxd5 7. Bb2 Qe4+ 8. Be2 Nd4 9. Bxd4 cxd4 10. 0-0 e5 11. Bb5+ Bd7 12. Re1 Qxe1+ 13. Qxe1 f6 14. Nxd4 Be7 15. Bxd7+ Kxd7 16. Nf5 g6 17. Nxe7 Kxe7 18. d4 Kf7 19. dxe5 Rae8 20. Qb4 b6 21. exf6 Kxf6 22. Kf1 1-0

[Event "GER Seniors Derby 13th"]
[Site "Wesel Undeloh"]
[Date "2014.05.08"]
[Round "3"]
[White "Schnellenpfeil, Wolfgang"]
[Black "Bergmann, Harald"]
[Result "1-0"]
[WhiteElo "1935"]
[BlackElo "1591"]
[PlyCount "50"]
[EventDate "2014.05.07"]
[EventType "swiss"]
[EventRounds "9"]
[EventCountry "GER"]
[SourceTitle "EXT 2018"]
[Source "ChessBase"]
[SourceDate "2017.10.13"]
[SourceVersion "1"]
[SourceVersionDate "2017.10.13"]
[SourceQuality "1"]

1. d4 d5 2. c4 c6 3. Nc3 Nf6 4. Nf3 g6 5. Bf4 Bg7 6. e3 0-0 7. Bd3 Nbd7 8. Qd2 dxc4 9. Bxc4 Nb6 10. Bd3 Nbd5 11. Bg5 Nxc3 12. bxc3 Bg4 13. Ne5 Be6 14. e4 Ne8 15. Bh6 Bxh6 16. Qxh6 Qa5 17. Qd2 Rd8 18. f4 f6 19. Nf3 Ng7 20. 0-0 Bg4 21. Bc4+ Be6 22. Qd3 Bxc4 23. Qxc4+ Kh8 24. Rab1 Rd7 25. e5 b5 1-0

[Event "GER Seniors Derby 13th"]
[Site "Wesel Undeloh"]
[Date "2014.05.07"]
[Round "1"]
[White "Ripperger, Reinhold"]
[Black "Bergmann, Harald"]
[Result "1-0"]
[WhiteElo "1864"]
[BlackElo "1591"]
[PlyCount "35"]
[EventDate "2014.05.07"]
[EventType "swiss"]
[EventRounds "9"]
[EventCountry "GER"]
[SourceTitle "EXT 2018"]
[Source "ChessBase"]
[SourceDate "2017.10.13"]
[SourceVersion "1"]
[SourceVersionDate "2017.10.13"]
[SourceQuality "1"]

1. e4 e6 2. d4 d5 3. e5 c5 4. Qg4 cxd4 5. Nf3 Nc6 6. Bd3 Nge7 7. 0-0 Ng6 8. Re1 Be7 9. Nbd2 Qc7 10. Qg3 Bd7 11. h4 Rg8 12. Nb3 0-0-0 13. h5 Nf8 14. Nbxd4 a6 15. a3 Nxd4 16. Nxd4 f6 17. Bf4 f5 18. Nxf5 1-0